<?xml version="1.0" encoding="UTF-8"?>
<record
    xmlns:xsi="http://www.w3.org/2001/XMLSchema-instance"
    xsi:schemaLocation="http://www.loc.gov/MARC21/slim http://www.loc.gov/standards/marcxml/schema/MARC21slim.xsd"
    xmlns="http://www.loc.gov/MARC21/slim">

  <leader>01477nam0a2200325   4500</leader>
  <controlfield tag="001">RU\NLR\bibl\83669</controlfield>
  <controlfield tag="005">20260407072439.0</controlfield>
  <datafield tag="010" ind1=" " ind2=" ">
    <subfield code="a">5-88200-268-0</subfield>
    <subfield code="b">&#x43E;&#x431;&#x449;.</subfield>
  </datafield>
  <datafield tag="010" ind1=" " ind2=" ">
    <subfield code="a">5-88200-280-&#x425;</subfield>
    <subfield code="9">50</subfield>
  </datafield>
  <datafield tag="021" ind1=" " ind2=" ">
    <subfield code="a">RU</subfield>
    <subfield code="b">1998-32239</subfield>
    <subfield code="9">1533</subfield>
  </datafield>
  <datafield tag="035" ind1=" " ind2=" ">
    <subfield code="a">(NLR Aleph) 000081718</subfield>
  </datafield>
  <datafield tag="090" ind1=" " ind2=" ">
    <subfield code="a">455257</subfield>
    <subfield code="c">455257</subfield>
  </datafield>
  <datafield tag="100" ind1=" " ind2=" ">
    <subfield code="a">20000503d1997    |||y0rusy50      ca</subfield>
  </datafield>
  <datafield tag="101" ind1="0" ind2=" ">
    <subfield code="a">rus</subfield>
  </datafield>
  <datafield tag="102" ind1=" " ind2=" ">
    <subfield code="a">RU</subfield>
  </datafield>
  <datafield tag="105" ind1=" " ind2=" ">
    <subfield code="a">y   |||||||||</subfield>
  </datafield>
  <datafield tag="200" ind1="1" ind2=" ">
    <subfield code="a">&#x422;&#x435;&#x437;&#x438;&#x441;&#x44B; &#x434;&#x43E;&#x43A;&#x43B;&#x430;&#x434;&#x43E;&#x432; &#x438;&#x442;&#x43E;&#x433;&#x43E;&#x432;&#x43E;&#x439; &#x43D;&#x430;&#x443;&#x447;&#x43D;&#x43E;&#x439; &#x43A;&#x43E;&#x43D;&#x444;&#x435;&#x440;&#x435;&#x43D;&#x446;&#x438;&#x438; &#x410;&#x413;&#x41F;&#x423;, (29 &#x430;&#x43F;&#x440;. 1997 &#x433;.)</subfield>
    <subfield code="i">&#x410;&#x43D;&#x433;&#x43B;&#x438;&#x439;&#x441;&#x43A;&#x438;&#x439; &#x44F;&#x437;&#x44B;&#x43A;. &#x41D;&#x435;&#x43C;&#x435;&#x446;&#x43A;&#x438;&#x439; &#x44F;&#x437;&#x44B;&#x43A;. &#x424;&#x440;&#x430;&#x43D;&#x446;&#x443;&#x437;&#x441;&#x43A;&#x438;&#x439; &#x44F;&#x437;&#x44B;&#x43A;</subfield>
    <subfield code="f">&#x41C;-&#x432;&#x43E; &#x43E;&#x431;&#x449;. &#x438; &#x43F;&#x440;&#x43E;&#x444;. &#x43E;&#x431;&#x440;&#x430;&#x437;&#x43E;&#x432;&#x430;&#x43D;&#x438;&#x44F; &#x420;&#x424;, &#x410;&#x441;&#x442;&#x440;&#x430;&#x445;. &#x433;&#x43E;&#x441;. &#x43F;&#x435;&#x434;. &#x443;&#x43D;-&#x442;</subfield>
  </datafield>
  <datafield tag="210" ind1=" " ind2=" ">
    <subfield code="a">&#x410;&#x441;&#x442;&#x440;&#x430;&#x445;&#x430;&#x43D;&#x44C;</subfield>
    <subfield code="c">&#x418;&#x437;&#x434;-&#x432;&#x43E; &#x410;&#x441;&#x442;&#x440;&#x430;&#x445;. &#x43F;&#x435;&#x434;. &#x443;&#x43D;-&#x442;&#x430;</subfield>
    <subfield code="d">1997</subfield>
  </datafield>
  <datafield tag="215" ind1=" " ind2=" ">
    <subfield code="a">48 &#x441;.</subfield>
    <subfield code="d">20</subfield>
  </datafield>
  <datafield tag="606" ind1="0" ind2=" ">
    <subfield code="a">&#x418;&#x43D;&#x434;&#x43E;&#x435;&#x432;&#x440;&#x43E;&#x43F;&#x435;&#x439;&#x441;&#x43A;&#x438;&#x435; &#x44F;&#x437;&#x44B;&#x43A;&#x438;</subfield>
    <subfield code="j">&#x421;&#x431;&#x43E;&#x440;&#x43D;&#x438;&#x43A;&#x438;</subfield>
    <subfield code="9">917662</subfield>
    <subfield code="3">RU\NLR\auth\66336009</subfield>
  </datafield>
  <datafield tag="606" ind1="0" ind2=" ">
    <subfield code="a">&#x418;&#x43D;&#x434;&#x43E;&#x435;&#x432;&#x440;&#x43E;&#x43F;&#x435;&#x439;&#x441;&#x43A;&#x438;&#x435; &#x44F;&#x437;&#x44B;&#x43A;&#x438;</subfield>
    <subfield code="j">&#x422;&#x435;&#x437;&#x438;&#x441;&#x44B; &#x434;&#x43E;&#x43A;&#x43B;&#x430;&#x434;&#x43E;&#x432;</subfield>
    <subfield code="9">917662</subfield>
    <subfield code="3">RU\NLR\auth\66336009</subfield>
  </datafield>
  <datafield tag="686" ind1=" " ind2=" ">
    <subfield code="a">&#x428;140/159&#x44F;431</subfield>
  </datafield>
  <datafield tag="686" ind1=" " ind2=" ">
    <subfield code="a">&#x427;486.17&#x44F;431</subfield>
  </datafield>
  <datafield tag="710" ind1="0" ind2="2">
    <subfield code="a">&#x410;&#x441;&#x442;&#x440;&#x430;&#x445;&#x430;&#x43D;&#x441;&#x43A;&#x438;&#x439; &#x433;&#x43E;&#x441;&#x443;&#x434;&#x430;&#x440;&#x441;&#x442;&#x432;&#x435;&#x43D;&#x43D;&#x44B;&#x439; &#x43F;&#x435;&#x434;&#x430;&#x433;&#x43E;&#x433;&#x438;&#x447;&#x435;&#x441;&#x43A;&#x438;&#x439; &#x443;&#x43D;&#x438;&#x432;&#x435;&#x440;&#x441;&#x438;&#x442;&#x435;&#x442;</subfield>
    <subfield code="b">&#x41D;&#x430;&#x443;&#x447;&#x43D;&#x430;&#x44F; &#x43A;&#x43E;&#x43D;&#x444;&#x435;&#x440;&#x435;&#x43D;&#x446;&#x438;&#x44F;</subfield>
    <subfield code="f">1997</subfield>
    <subfield code="3">RU\NLR\AUTH\8810036292</subfield>
    <subfield code="9">571199</subfield>
  </datafield>
  <datafield tag="801" ind1=" " ind2="0">
    <subfield code="a">RU</subfield>
    <subfield code="b">NLR</subfield>
    <subfield code="c">20000503</subfield>
    <subfield code="g">PSBO</subfield>
  </datafield>
  <datafield tag="801" ind1=" " ind2="1">
    <subfield code="a">RU</subfield>
    <subfield code="b">NLR</subfield>
    <subfield code="c">20000503</subfield>
  </datafield>
  <datafield tag="852" ind1=" " ind2=" ">
    <subfield code="a">NLR</subfield>
    <subfield code="j">99-4/8825</subfield>
  </datafield>
  <datafield tag="942" ind1=" " ind2=" ">
    <subfield code="c">BOOK</subfield>
  </datafield>
  <datafield tag="980" ind1=" " ind2=" ">
    <subfield code="a">NB</subfield>
  </datafield>
  <datafield tag="995" ind1=" " ind2=" ">
    <subfield code="5">2013-10-26</subfield>
    <subfield code="b">NLR01</subfield>
    <subfield code="c">NLR01</subfield>
    <subfield code="e">RF8</subfield>
    <subfield code="f">81718-10</subfield>
    <subfield code="k">99-4/8825</subfield>
    <subfield code="o">0</subfield>
    <subfield code="r">BOOK</subfield>
    <subfield code="s">9948825_</subfield>
  </datafield>
</record>
